認識保羅的聖靈觀 Paul, the spirit and the people of God {ch} / (Record no. 4136)
[ view plain ]
| 000 -LEADER | |
|---|---|
| fixed length control field | 00800nam a2200193 4500 |
| 008 - FIXED-LENGTH DATA ELEMENTS--GENERAL INFORMATION | |
| fixed length control field | 010924s2000 Ch ChiYA |
| 020 ## - INTERNATIONAL STANDARD BOOK NUMBER | |
| International Standard Book Number | 9575876873 |
| 090 ## - LOCALLY ASSIGNED LC-TYPE CALL NUMBER (OCLC); LOCAL CALL NUMBER (OCLC) | |
| Classification number (OCLC) (R) ; Classification number, CALL (RLIN) (NR) | BS2655.H67 |
| Local cutter number (OCLC) ; Book number/undivided call number, CALL (RLIN) | F32p |
| 100 1# - MAIN ENTRY--PERSONAL NAME | |
| Personal name | 戈登.費依 Fee, Gordon D. |
| 245 10 - TITLE STATEMENT | |
| Title | 認識保羅的聖靈觀 Paul, the spirit and the people of God {ch} / |
| Statement of responsibility, etc | 戈登.費依 by Gordon D. Fee. |
| 260 ## - PUBLICATION, DISTRIBUTION, ETC. (IMPRINT) | |
| Place of publication, distribution, etc | Taiwan : |
| Name of publisher, distributor, etc | 校園書房 Campus Evangelical Fellowship, |
| Date of publication, distribution, etc | c2000. |
| 300 ## - PHYSICAL DESCRIPTION | |
| Extent | 269 p. |
| 650 #4 - SUBJECT ADDED ENTRY--TOPICAL TERM | |
| Topical term or geographic name as entry element | Bible. N. T. Epistles of Paul |
| General subdivision | Criticism, interpretation, etc.{ch}. |
| 650 #4 - SUBJECT ADDED ENTRY--TOPICAL TERM | |
| Topical term or geographic name as entry element | Church history |
| Chronological subdivision | Primitive and early church, ca. 30-600{ch}. |
| 650 #4 - SUBJECT ADDED ENTRY--TOPICAL TERM | |
| Topical term or geographic name as entry element | 神學類/聖靈論 Holy Spirit |
| General subdivision | Biblical teaching{ch}. |
| 951 ## - EQUIVALENCE OR CROSS-REFERENCE-GEOGRAPHIC NAME/AREA NAME [OBSOLETE] [CAN/MARC only] | |
| General subdivision | 00010818 |
| 950 0# - LOCAL HOLDINGS (RLIN) | |
| -- | 70.00/229.50 |
| 951 ## - EQUIVALENCE OR CROSS-REFERENCE-GEOGRAPHIC NAME/AREA NAME [OBSOLETE] [CAN/MARC only] | |
| -- | C-3855 |
| -- | BS2655.H67/F32p |
| -- | 070613111004109 |
| -- | 2000-12-21 |
| -- | CH |
| 942 00 - ADDED ENTRY ELEMENTS (KOHA) | |
| Koha issues (borrowed), all copies | 1 |
| Withdrawn status | Lost status | Damaged status | Not for loan | Home library | Current library | Shelving location | Date acquired | Accession number | Shelving control number | Total Checkouts | Full call number | Barcode | Date last seen | Date last borrowed | Price effective from | Koha item type |
|---|---|---|---|---|---|---|---|---|---|---|---|---|---|---|---|---|
| BSOP Library | BSOP Library | Chinese Books (General Circulation) | 12/21/2000 | C-3855 | 127 | 1 | BS2655.H67/F32p | 00010818 | 05/16/2019 | 05/11/2019 | 02/23/2013 | Books |
